Histoire de l'art : Théories, méthodes et outils (notice n° 2198672)
[ vue normale ]
| 000 -LEADER | |
|---|---|
| fixed length control field | 01665cam a2200145 4500500 |
| 005 - DATE AND TIME OF LATEST TRANSACTION | |
| control field | 20260405085557.0 |
| 041 ## - LANGUAGE CODE | |
| Language code of text/sound track or separate title | fre |
| 042 ## - AUTHENTICATION CODE | |
| Authentication code | dc |
| 100 10 - MAIN ENTRY--PERSONAL NAME | |
| Personal name | Huys, Viviane |
| Relator term | author |
| 245 00 - TITLE STATEMENT | |
| Title | Histoire de l'art : Théories, méthodes et outils |
| 260 ## - PUBLICATION, DISTRIBUTION, ETC. | |
| Name of publisher, distributor, etc. | Armand Colin,<br/> |
| Date of publication, distribution, etc. | 2023.<br/> |
| 520 ## - SUMMARY, ETC. | |
| Summary, etc. | Dans le cadre d'une histoire de l'art comparée, ce manuel examine successivement les relations entre l'histoire de l'art et son historicité, l'esthétique, les études anthropologiques, la sémiologie, l'approche formaliste des oeuvres, la philosophie du langage. Sont abordées également les relations qui peuvent se nouer avec la psychanalyse, celles qui mettent en jeu les rapports entre la politique et l'Art, ou encore la manière dont la sociologie de l'art contribue à redéfinir les contours d'une histoire sociale de l'art. Enfin, sont examinées les questions de la classification des arts, des procédures d'appréhension des oeuvres, de la définition de l'Art et des modalités de coopération des disciplines impliquées. Cette deuxième édition comporte un nouveau chapitre qui traite des questions qui lient oeuvres d'art, perception et empathie, ce dernier mécanisme éclairant de manière nouvelle les problématiques inhérentes à l'histoire de l'art. A partir d'une approche résolument "indisciplinée" de ce qu'il est convenu d'appeler Art, cet ouvrage permet aux étudiants de disposer d'un outil de clarification de l'objet de l'histoire de l'art et d'approfondissement de ses méthodes. |
| 700 10 - ADDED ENTRY--PERSONAL NAME | |
| Personal name | Vernant, Denis |
| Relator term | author |
| 856 41 - ELECTRONIC LOCATION AND ACCESS | |
| Uniform Resource Identifier | <a href="https://shs.cairn.info/histoire-de-l-art--9782200635428?lang=fr&redirect-ssocas=7080">https://shs.cairn.info/histoire-de-l-art--9782200635428?lang=fr&redirect-ssocas=7080</a> |
Pas d'exemplaire disponible.




Réseaux sociaux